000 00607nam a2200253 a 4500
001 nice12345678
003 IN_TiNIC
005 20260116011538.0
008 050524s1904 boma grp 000 0 per
020 _a
_c100
082 0 0 _a891.55
_bJAM
100 _aJami, Abdur Rahman
245 _aYousuf-O-Zulaikha
260 _aBombay
_bMatba Muzafari
_c1904
300 _a200p
500 _aincludes index and biblioraphy
505 2 _aIndex
650 _aPersian Poetry
650 _aJami, Abdur Rahman-Poetry
700 1 _aJami, Abdur Rahman
902 _bSRS
942 _cBK
999 _c2498
_d2498